PANE RÁDIO E TREM SIMUL. - Com indicação de todas as pernas travadas - Statistics

Estatísticas Gerais
  • Esse quiz foi jogado 255 vezes
  • A pontuação média é 7 de 11
Estatísticas das Respostas
Hint Resposta % Correto
1 Antes de entrar no tráfego, observar pista em uso
88%
2 Entrar como PANE RÁDIO e realizar procedimentos de PANE TREM, observando sinais luminosos
83%
3 Em Saturno, ligar faróis de pouso e luzes de navegação
79%
4 Se trem não baixar, tentar novo ciclo; persistindo a pane, baixar em EMG
67%
3 Após o través da cabeceira oposta, tráfego a 2500ft, 90kt, referências normais
58%
Com indicação de todas as pernas travadas
1
Arremeter na final (configurado), passar sobre a pista de táxi a 2300ft, sem balançar as asas
58%
5 Flapes como julgar, enquadrando a PB
58%
4 Observar sinais luminosos na PV e na Final
58%
7 Pousar, livrar a pista, parar na interseção, cortar motor e aguardar reboque
58%
6 Se baixar flapes, voltar para calço hidráulico na Final
58%
2 Torre declara Tráfego de Segurança
46%
Nenhum quiz correspondente encontrado
Distribuição das Pontuações
Porcentagem de Pessoas com Cada Pontuação
Percentil de Números Respondidos
Sua Pontuação Histórica
Você não jogou esse quiz